| 000 -LEADER |
| fixed length control field |
00729nam a22002057a 4500 |
| 001 - CONTROL NUMBER |
| control field |
21205 |
| 003 - CONTROL NUMBER IDENTIFIER |
| control field |
BD-DhUAP |
| 005 - DATE AND TIME OF LATEST TRANSACTION |
| control field |
20210124124028.0 |
| 008 - FIXED-LENGTH DATA ELEMENTS--GENERAL INFORMATION |
| fixed length control field |
200220s2009 bg |||| |||| 000 0 ben d |
| 020 ## - INTERNATIONAL STANDARD BOOK NUMBER |
| International Standard Book Number |
9789843407092 |
| 040 ## - CATALOGING SOURCE |
| Original cataloging agency |
BD-DhUAP |
| Language of cataloging |
Ben |
| Transcribing agency |
BD-DhUAP |
| Modifying agency |
BD-DhUAP |
| 082 ## - DEWEY DECIMAL CLASSIFICATION NUMBER |
| Edition number |
23 |
| Classification number |
338.5492 KLI |
| 100 ## - MAIN ENTRY--PERSONAL NAME |
| Personal name |
ক্লিং, ব্লেয়ার বি.। |
| 245 ## - TITLE STATEMENT |
| Title |
পার্টনার ইন এম্পায়ার / |
| Statement of responsibility, etc. |
ব্লেয়ার বি. ক্লিং। |
| 260 ## - PUBLICATION, DISTRIBUTION, ETC. |
| Place of publication, distribution, etc. |
ঢাকা : |
| Name of publisher, distributor, etc. |
বণিক বার্তা |
| Date of publication, distribution, etc. |
c২০১৬। |
| 300 ## - PHYSICAL DESCRIPTION |
| Extent |
১৫২পৃষ্ঠা ; |
| Dimensions |
২১ সেমি. |
| 650 ## - SUBJECT ADDED ENTRY--TOPICAL TERM |
| Topical term or geographic name entry element |
Economic history. |
| 650 ## - SUBJECT ADDED ENTRY--TOPICAL TERM |
| Topical term or geographic name entry element |
Entrepreneurship. |
| 942 ## - ADDED ENTRY ELEMENTS (KOHA) |
| Source of classification or shelving scheme |
|
| Koha item type |
Book |